000 00189 a2200097 4500
001 24698
100 _aHealy, J J
245 _a
260 _a
_bChapman & Hall
_c1966
090 _c16670
_d16670
942 _aNUST-CAE
_c
_c7414
999 _c259771
_d259771